000 00249nam a2200085Ia 4500
245 0 _aThe whipping boy : 2008-2011
100 _a Trovato, Ben Johannesburg, South Africa, 2011
_942583
942 _cBK
008 210817s9999 xx 000 0 und d
999 _c263893
_d263892